Manuel de droit des communautés européennes
Gespeichert in:
| 1. Verfasser: | |
|---|---|
| Format: | Buch |
| Sprache: | Französisch |
| Veröffentlicht: |
París
Dalloz
1965
París Sirey 1965 |
| Ausgabe: | 2a. ed |
| Schriftenreihe: | Eurolibri, 9
|
| Schlagworte: | |
| Tags: |
Tag hinzufügen
Keine Tags, Fügen Sie den ersten Tag hinzu!
|
MARC
| LEADER | 00000nam a2200000 a 4500 | ||
|---|---|---|---|
| 001 | UCT9415 | ||
| 003 | CL-VaPUC | ||
| 008 | 970404e19650000fr |||||||||||||||||fre|d | ||
| 082 | 0 | 4 | |a 341.242 |b CAT |2 21 |
| 100 | 0 | |a Catalano, Nicola |e author |9 382081 | |
| 245 | 1 | 0 | |a Manuel de droit des communautés européennes |
| 250 | |a 2a. ed | ||
| 300 | |a 663 p | ||
| 942 | |c BK | ||
| 945 | |d 19970404 00:00:00 |a paguirre | ||
| 260 | |a París |b Dalloz |c 1965 | ||
| 260 | |a París |b Sirey |c 1965 | ||
| 600 | 0 | 7 | |a COMUNIDAD ECONOMICA EUROPEA |2 CL-VaPUC |9 382082 |
| 650 | 0 | |a Derecho internacional |9 255637 | |
| 650 | 7 | |a ORGANIZACIONES REGIONALES |2 CL-VaPUC |9 338255 | |
| 650 | 0 | |a Parlamento |9 338611 | |
| 650 | 7 | |a ESTADOS MIEMBROS |2 CL-VaPUC |9 377660 | |
| 650 | 0 | |a Personalidad jurídica |9 315329 | |
| 650 | 0 | |a Mercado común |9 378790 | |
| 650 | 0 | |a Libre comercio |9 323018 | |
| 650 | 0 | |a Energía nuclear |9 255228 | |
| 650 | 0 | |a Recursos energéticos |9 263206 | |
| 651 | 0 | |a Europa |9 255156 | |
| 583 | |a last modification |c 20171010 10:08:30 |k Rodrigo Vera | ||
| 490 | 0 | |a Eurolibri, 9 | |
| 999 | |c 257816 |d 257814 | ||
| 952 | |0 0 |1 0 |4 0 |6 341_242000000000000_CAT_1965_1965 |7 0 |8 A |9 281483 |a BIBDER |b BIBDER |d 2019-11-19 |i 1824651 |o 341.242 CAT 1965 1965 |p 1824651 |r 2023-01-25 |w 2019-11-19 |y BK |k DER | ||